Arsenal Top scorers A-Z - Statistics

General Stats
  • This quiz has been taken 99 times
    78 since last reset
  • The average score is 12 of 23
Answer Stats
Letter Goals Answer % Correct
H 175 Thierry Henry
100%
B 87 Dennis Bergkamp
93%
W 104 Ian Wright
87%
A 68 Pierre-Emerick Aubameyang
76%
V 96 Robin Van Persie
75%
P 62 Robert Pires
73%
L 54 Alexandre Lacazette
72%
O 33 Mesut Ozil
67%
G 73 Olivier Giroud
64%
X 17 Granit Xhaka
61%
S 60 Alexis Sanchez
55%
F 35 Cesc Fabregas
54%
M 32 Gabriel Martinelli
45%
J 15 Gabriel Jesus
43%
C 25 Santi Cazorla
42%
R 40 Aaron Ramsey
40%
E 7 Eduardo
33%
K 30 Nwankwo Kanu
33%
Z 2 Oleksandr Zinchenko
30%
T 9 Kolo Toure
21%
N 19 Eddie Nketiah
16%
I 11 Alex Iwobi
13%
D 14 Abou Diaby
10%
No matching quizzes found
Score Distribution
Percent of People with Each Score
Percentile by Number Answered
Your Score History
You have not taken this quiz since the last reset